ბათუმის შოთა რუსთაველის სახელმწიფო უნივერსიტეტის ბიბლიოთეკა

ეკოლოგია (გამოყენებითი ეკოლოგიის საკითხები). (ბიბ.ჩანაწერი № 36633)

000 -LEADER
fixed length control field 00775nam a2200217Ia 4500
001 - CONTROL NUMBER
control field 2553
003 - CONTROL NUMBER IDENTIFIER
control field GE_BSU
008 - FIXED-LENGTH DATA ELEMENTS--GENERAL INFORMATION
fixed length control field 181216s||||||||xx |||||||||||||| ||und||
040 ## - CATALOGING SOURCE
Transcribing agency GE_BSU
080 ## - UNIVERSAL DECIMAL CLASSIFICATION NUMBER
Universal Decimal Classification number 574(075.8)
100 ## - MAIN ENTRY--PERSONAL NAME
Personal name ქაჯაია, გია
245 ## - TITLE STATEMENT
Title ეკოლოგია (გამოყენებითი ეკოლოგიის საკითხები).
245 ## - TITLE STATEMENT
Remainder of title სახელმძღვნელო უმაღლ. სასწავლ. სტუდენტებისათვის.
245 ## - TITLE STATEMENT
Statement of responsibility, etc. [რედ. ირ. ელიავა. ირ. ქორქია]
260 ## - PUBLICATION, DISTRIBUTION, ETC.
Place of publication, distribution, etc. თბილისი
260 ## - PUBLICATION, DISTRIBUTION, ETC.
Date of publication, distribution, etc. 1999
300 ## - PHYSICAL DESCRIPTION
Extent 22 გვ
653 ## - INDEX TERM--UNCONTROLLED
Uncontrolled term ეკოლოგია
942 ## - ADDED ENTRY ELEMENTS (KOHA)
Koha item type წიგნი

არაა ხელმისაწვდომი ეგზემპლარები.